000 00473nam a22001697a 4500
999 _c2205
_d2205
003 URS
005 20220117090740.0
008 191007s2002 ph |||| |||| 00| 0 eng d
020 _a9717250804
040 _cURS
_beng
_drda
050 1 4 _aPL 6054
_b.M1127 2002
100 _aMag-Atas,Rosario U.
245 1 0 _aMabisang pagpapahayag retorika
_cRosarrio U. Mag-Atas
260 _aMakatiCity:
_bGrangWater Publications;
_c[2002]
300 _aix 263 pages;
_c21cm.
942 _2lcc
_cF